Inequality in India: Emerging trends and perspectives (Record no. 1225234)

MARC details
000 -LEADER
fixed length control field 00676nam a2200217Ia 4500
005 - DATE AND TIME OF LATEST TRANSACTION
control field 20241129104303.0
008 - FIXED-LENGTH DATA ELEMENTS--GENERAL INFORMATION
fixed length control field 241129s9999||||xx |||||||||||||| ||und||
020 ## - INTERNATIONAL STANDARD BOOK NUMBER
International Standard Book Number 9789391385026
037 ## - SOURCE OF ACQUISITION
Stock number Textual
040 ## - CATALOGING SOURCE
Original cataloging agency RTL
Language of cataloging eng
Transcribing agency RTL
041 ## - LANGUAGE CODE
Language code of text/sound track or separate title eng
Source of code eng
084 ## - COLON CLASSIFICATION NUMBER
Classification number Y5.2 R1
Assigning agency RTL
100 ## - MAIN ENTRY--PERSONAL NAME
Personal name Rana Minakshi; Singh Geetanjali; Kohli Manika
9 (RLIN) 725618
245 #0 - TITLE STATEMENT
Title Inequality in India: Emerging trends and perspectives
Statement of responsibility, etc. Rana Minakshi; Singh Geetanjali; Kohli Manika
260 ## - PUBLICATION, DISTRIBUTION, ETC.
Place of publication, distribution, etc. New Delhi
Name of publisher, distributor, etc. Corvette Press
Date of publication, distribution, etc. 2021
300 ## - PHYSICAL DESCRIPTION
Extent xx,241p.
365 ## - TRADE PRICE
Price type code INR
Price amount Rs.995.00
650 ## - SUBJECT ADDED ENTRY--TOPICAL TERM
Topical term or geographic name entry element Inequality
9 (RLIN) 550392
942 ## - ADDED ENTRY ELEMENTS (KOHA)
Koha item type Textbook
Classification part Y5.2 R1
Holdings
Withdrawn status Lost status Damaged status Not for loan Home library Current library Date acquired Source of acquisition Inventory number Total Checkouts Full call number Barcode Date last seen Price effective from Koha item type
        Ratan Tata Library Ratan Tata Library 2024-11-29 The book seller 90 & 9/2/2024   Y5.2 R1 RT1528170 2024-11-29 2024-11-29 Textbook
Copyright @ Delhi University Library System